Hidden University Costs Quiz Stats

Quiz not verified by Sporcle

Challenge
Share
Tweet
Embed
Score 0/16 Timer 01:00
0 Plays Today
% Correct
Food
87.1%
Books
83.9%
Transportation
38.7%
Fees
29%
Laptop
22.6%
Laundry
19.4%
Stationery
12.9%
Accommodation
6.5%
% Correct
Social
6.5%
Library fines
6.5%
Kitchenware
3.2%
Societies
0%
Accommodation Bills
0%
Printer
0%
Miscellaneous
0%
Hygiene
0%

You're not logged in!

Compare scores with friends on all Sporcle quizzes.
Join for Free
OR
Log In

You Might Also Like...

Show Comments

Extras

Created Mar 6, 2011ReportNominate
Tags:University Quiz, cost, hidden

Top Quizzes Today


Score Distribution

Your Account Isn't Verified!

In order to create a playlist on Sporcle, you need to verify the email address you used during registration. Go to your Sporcle Settings to finish the process.

Report this User

Report this user for behavior that violates our Community Guidelines.

Details: